BCIS average group element prices (Record no. 102979)
[ view plain ]
| 000 -LEADER | |
|---|---|
| fixed length control field | 03237cam a2200697 4500 |
| 001 - CONTROL NUMBER | |
| control field | J123029 |
| 008 - FIXED-LENGTH DATA ELEMENTS--GENERAL INFORMATION | |
| fixed length control field | #DATE n2001 000 0 eng u |
| 022 ## - INTERNATIONAL STANDARD SERIAL NUMBER | |
| International Standard Serial Number | 1361-3367 |
| 035 ## - SYSTEM CONTROL NUMBER | |
| System control number | (Sirsi) u123029 |
| 041 ## - LANGUAGE CODE | |
| Language code of text/sound track or separate title | eng |
| 050 ## - LIBRARY OF CONGRESS CALL NUMBER | |
| Classification number | 692.5 |
| -- | 18 |
| 110 ## - MAIN ENTRY--CORPORATE NAME | |
| Corporate name or jurisdiction name as entry element | Building Cost Information Service |
| 9 (RLIN) | 1096 |
| 245 ## - TITLE STATEMENT | |
| Title | BCIS average group element prices |
| Remainder of title | £/sq m group element prices for a range of building types |
| 260 ## - PUBLICATION, DISTRIBUTION, ETC. | |
| Place of publication, distribution, etc. | London |
| Name of publisher, distributor, etc. | BCIS |
| Date of publication, distribution, etc. | 2001- |
| 490 ## - SERIES STATEMENT | |
| Series statement | BCIS Average Group Element Prices |
| 490 ## - SERIES STATEMENT | |
| Series statement | BCIS Bulletin Service |
| 490 ## - SERIES STATEMENT | |
| Series statement | BCIS Special Study |
| 505 ## - FORMATTED CONTENTS NOTE | |
| Formatted contents note | Intoduction : contents of tables ; the database ; using the tables ; building function ; form construction; size ; type of work ; BCIS Online |
| 505 ## - FORMATTED CONTENTS NOTE | |
| Formatted contents note | Average group element prices : CI/SfB 127.3 - vehicle showrooms ; CI/SfB 127.4 - vehicle repair and maintenance ; CI/SfB 157.2 - sorting offices ; CI/SfB 278 - building ; CI/SfB 282 - factories ; CI/SfB 284 - warehouses ; CI/SfB 315 - local admin building ; CI/SfB 317 - law courts ; CI/SfB 320 - offices ; CI/SfB 341 - retail warehouses ; CI/SfB 344 - shopping centres ; CI/SfB 344 - hypermarkets/supermarkets ; CI/SfB 345 - shopes ; CI/SfB 372 - fire stations ; CI/SfB 374 - police stations ; CI/SfB 412 - health centres, clinics, surgeries ; CI/SfB 442 - homes ; CI/SfB 448 - day centres ; CI/SfB 517 - public houses ; CI/SfB 532 - community centres, halls ; CI/SfB 541 - covered swimming pools ; CI/SfB 562 - sports buildings ; CI/SfB 568.1 - sports pavilions, club houses and changing rooms ; CI/SfB 630 - churches/chapels ; CI/SfB 710 - schools ; CI/SfB 722 - colleges ; CI/SfB 732 - laboratories ; CI/SfB 760 - libraries ; CI/SfB 810 - housing ; CI/SfB 811 - flats ; CI/SfB 820 - one-off housing ; CI/SfB 843 - sheltered housing ; CI/SfB 856.2 - student residences ; CI/SfB 856.8 - hostels |
| 505 ## - FORMATTED CONTENTS NOTE | |
| Formatted contents note | Notes and definitions |
| 520 ## - SUMMARY, ETC. | |
| Summary, etc. | Annual review presenting £/sq m prices for new building work at the group element level for common building types. Filed in "BCIS bulletin service" Binder 2. |
| 520 ## - SUMMARY, ETC. | |
| Summary, etc. | No longer published as hard copy. Replaced by BCIS Online. |
| 650 ## - SUBJECT ADDED ENTRY--TOPICAL TERM | |
| Topical term or geographic name entry element | BUILT ENVIRONMENT-BUILDING COSTS |
| 650 ## - SUBJECT ADDED ENTRY--TOPICAL TERM | |
| Topical term or geographic name entry element | CAR SHOWROOMS |
| 650 ## - SUBJECT ADDED ENTRY--TOPICAL TERM | |
| Topical term or geographic name entry element | COLLEGES |
| 650 ## - SUBJECT ADDED ENTRY--TOPICAL TERM | |
| Topical term or geographic name entry element | COMMUNITY CENTRES |
| 650 ## - SUBJECT ADDED ENTRY--TOPICAL TERM | |
| Topical term or geographic name entry element | CHAPELS |
| 650 ## - SUBJECT ADDED ENTRY--TOPICAL TERM | |
| Topical term or geographic name entry element | CHURCHES |
| 650 ## - SUBJECT ADDED ENTRY--TOPICAL TERM | |
| Topical term or geographic name entry element | DAY CENTRES |
| 650 ## - SUBJECT ADDED ENTRY--TOPICAL TERM | |
| Topical term or geographic name entry element | FACTORIES |
| 650 ## - SUBJECT ADDED ENTRY--TOPICAL TERM | |
| Topical term or geographic name entry element | FIRE STATIONS |
| 650 ## - SUBJECT ADDED ENTRY--TOPICAL TERM | |
| Topical term or geographic name entry element | FLATS |
| 650 ## - SUBJECT ADDED ENTRY--TOPICAL TERM | |
| Topical term or geographic name entry element | GARAGES |
| 650 ## - SUBJECT ADDED ENTRY--TOPICAL TERM | |
| Topical term or geographic name entry element | GROUP ELEMENTS |
| 650 ## - SUBJECT ADDED ENTRY--TOPICAL TERM | |
| Topical term or geographic name entry element | GROUP ELEMENT PRICES |
| 650 ## - SUBJECT ADDED ENTRY--TOPICAL TERM | |
| Topical term or geographic name entry element | HEALTH CENTRES |
| 650 ## - SUBJECT ADDED ENTRY--TOPICAL TERM | |
| Topical term or geographic name entry element | HOSPITALS |
| 650 ## - SUBJECT ADDED ENTRY--TOPICAL TERM | |
| Topical term or geographic name entry element | HOSTELS |
| 650 ## - SUBJECT ADDED ENTRY--TOPICAL TERM | |
| Topical term or geographic name entry element | HOUSES |
| 650 ## - SUBJECT ADDED ENTRY--TOPICAL TERM | |
| Topical term or geographic name entry element | HYPERMARKETS |
| 650 ## - SUBJECT ADDED ENTRY--TOPICAL TERM | |
| Topical term or geographic name entry element | LABORATORIES |
| 650 ## - SUBJECT ADDED ENTRY--TOPICAL TERM | |
| Topical term or geographic name entry element | LIBRARIES |
| 650 ## - SUBJECT ADDED ENTRY--TOPICAL TERM | |
| Topical term or geographic name entry element | NEW BUILD |
| 650 ## - SUBJECT ADDED ENTRY--TOPICAL TERM | |
| Topical term or geographic name entry element | OFFICE BUILDINGS |
| 650 ## - SUBJECT ADDED ENTRY--TOPICAL TERM | |
| Topical term or geographic name entry element | POLICE STATIONS |
| 650 ## - SUBJECT ADDED ENTRY--TOPICAL TERM | |
| Topical term or geographic name entry element | PUBLIC HOUSES |
| 650 ## - SUBJECT ADDED ENTRY--TOPICAL TERM | |
| Topical term or geographic name entry element | RETAIL WAREHOUSES |
| 650 ## - SUBJECT ADDED ENTRY--TOPICAL TERM | |
| Topical term or geographic name entry element | SCHOOLS |
| 650 ## - SUBJECT ADDED ENTRY--TOPICAL TERM | |
| Topical term or geographic name entry element | SHELTERED HOUSING |
| 650 ## - SUBJECT ADDED ENTRY--TOPICAL TERM | |
| Topical term or geographic name entry element | SHOPPING CENTRES |
| 650 ## - SUBJECT ADDED ENTRY--TOPICAL TERM | |
| Topical term or geographic name entry element | SHOPS |
| 650 ## - SUBJECT ADDED ENTRY--TOPICAL TERM | |
| Topical term or geographic name entry element | SORTING OFFICES |
| 650 ## - SUBJECT ADDED ENTRY--TOPICAL TERM | |
| Topical term or geographic name entry element | SPORTS BUILDINGS |
| 650 ## - SUBJECT ADDED ENTRY--TOPICAL TERM | |
| Topical term or geographic name entry element | SUPERMARKETS |
| 650 ## - SUBJECT ADDED ENTRY--TOPICAL TERM | |
| Topical term or geographic name entry element | SURGERIES |
| 650 ## - SUBJECT ADDED ENTRY--TOPICAL TERM | |
| Topical term or geographic name entry element | STUDENT HOUSING |
| 650 ## - SUBJECT ADDED ENTRY--TOPICAL TERM | |
| Topical term or geographic name entry element | SWIMMING POOLS |
| 650 ## - SUBJECT ADDED ENTRY--TOPICAL TERM | |
| Topical term or geographic name entry element | WAREHOUSES |
| 690 ## - LOCAL SUBJECT ADDED ENTRY--TOPICAL TERM (OCLC, RLIN) | |
| Topical term or geographic name as entry element | BUILT ENVIRONMENT-BUILDING COSTS |
| 942 ## - ADDED ENTRY ELEMENTS (KOHA) | |
| Suppress in OPAC | 0 |
No items available.